| 000 | 01347nam a2200265Ia 4500 | ||
|---|---|---|---|
| 999 |
_c47194 _d47194 |
||
| 001 | 14053 | ||
| 003 | GE_BSU | ||
| 005 | 20241029161057.0 | ||
| 008 | 181216s1985||||ge |||||||||||||| ||geo|| | ||
| 040 | _cGE_BSU | ||
| 041 | _ageo | ||
| 080 | _a821.111-21 შ-56 | ||
| 100 |
_aშექსპირი, უილიამ _923541 |
||
| 245 |
_aტრაგედიები : წ.II / _cუილიამ შექსპირი ; ინგლისურიდან თარგ. ივანე მაჩაბელის მიერ ; რედ. : და კომენტარები ნიკო ყიასაშვილისა ; მხატვ. : ლადო გრიგოლია. |
||
| 260 | _a. | ||
| 264 |
_aთბილისი : _bსაბჭოთა საქართველო, _c1985. |
||
| 300 |
_a677გვ. ; _c21 სმ. |
||
| 490 |
_aმსოფლიო ლიტ-ის ბიბ-კა.1-ლი სერია _vტ.18 |
||
| 541 | _h12ლ. | ||
| 653 | _aტრაგედიები. წ.II | ||
| 700 |
_aმაჩაბელი, ივანე _eმთარგმნელი _921962 |
||
| 700 |
_aყიასაშვილი, ნიკო _eრედაქტორი _91372 |
||
| 700 |
_aგრიგოლია, ლადო _eმხატვარი _916464 |
||
| 942 |
_cBK _2udc |
||